000 006280000a22002290004500
003 LK-CoMWRAF
005 20230917205110.0
008 230817t1982 ||||| |||| 00| 0 eng d
020 _a0201608839
040 _aLK-CoMWRAF
_dLK-CoMWRAF
_eLK-CoMWRAF
041 _aeng
082 _a909.097
_bMER
100 _aMernissi, Fatema
245 _aIslam and democracy :
_bFear of the modern world
260 _aNew York :
_bAddition wesley publishing,
_c1992
300 _a195p
650 _aIslam -- 20th century
650 _aCivilization
650 _aArab-20th century
700 _aLakeland, Mary Jo
_etrans.
942 _cBK
999 _c271
_d271